000 01020nam a2200265 a 4500
001 000026886
003 DO-SdBNP
005 20240605113741.0
007 ta
008 110328s1986 dr abc 000 0 spa d
040 _aDO-SdBNP
_bspa
_cBNPHU
082 _a972.9342
_bG216m
_222
100 1 _aGarcía, Juan Manuel,
_d1946-
_953996
240 1 3 _aLa matanza de Palma Sola
245 1 3 _aLa masacre de Palma Sola :
_bPartidos, lucha política y el asesinato del general (1961-1963) /
_cJuan Manuel García.
260 _aSanto Domingo :
_bAlfa y omega,
_c1986.
300 _a367 p. :
_bil., mapa, retrs. ;
_c18 cm.
590 _aInventariado, 2019/MFF
650 4 _aMasacres
_zRepública Dominicana, Palma Sola (San Juan)
_953410
650 4 _aCulto
_zRepública Dominicana, Palma Sola (San Juan)
_953997
651 4 _aRepública Dominicana
_xPolítica y gobierno
_y1961-
_9204
651 0 _aPalma Sola (San Juan, República Dominicana)
_xHistoria
_953411
910 _aValidado. Control de calidad MFF
942 _2ddc
_cLBS1
999 _c26378
_d26378